Encuesta de Hogares de Propósitos Multiples: módulo empleo julio 1987
La encuesta realizada entre julio de 1987 y noviembre de 1988, bajo la supervisión de una unidad ejecutora conformada por el Ministerio de Economía y Finanzas, el Banco Interamericano de Desarrollo (BID) y la Comisión Económica para América Latina y el Caribe (CEPAL), tiene como objetivo analizar el...
Zapisane w:
| Format: | Książka |
|---|---|
| Język: | Spanish |
| Hasła przedmiotowe: | |
| Etykiety: |
Dodaj etykietę
Nie ma etykietki, Dołącz pierwszą etykiete!
|
MARC
| LEADER | 00000nam a22000007a 4500 | ||
|---|---|---|---|
| 003 | cru CIDCACS/IIS | ||
| 005 | 20230827072638.0 | ||
| 008 | 230221s1987 cr |||p|r|||| 00| 0 spa d | ||
| 040 | |c cru CIDCACS/IIS | ||
| 245 | |a Encuesta de Hogares de Propósitos Multiples: |b módulo empleo julio 1987 | ||
| 300 | |a 425 páginas : |b tablas | ||
| 500 | |a Colección Centroamérica | ||
| 520 | |a La encuesta realizada entre julio de 1987 y noviembre de 1988, bajo la supervisión de una unidad ejecutora conformada por el Ministerio de Economía y Finanzas, el Banco Interamericano de Desarrollo (BID) y la Comisión Económica para América Latina y el Caribe (CEPAL), tiene como objetivo analizar el mercado laboral y la situación ocupacional en un período específico en un país no mencionado. La encuesta recopila datos detallados sobre la población económicamente activa, categorías de empleo, desempleo, condiciones laborales, y características socioeconómicas de los hogares. El enfoque en el empleo refleja el interés por comprender la dinámica laboral y las condiciones de vida de la población en ese período. La unidad ejecutora colabora para obtener un análisis más completo de los patrones de empleo y las tendencias económicas en el país. RAR | ||
| 650 | 4 | |2 OCDE |9 4375 |a ENCUESTAS DE HOGARES | |
| 650 | 0 | |2 OCDE |9 288 |a EMPLEO | |
| 650 | 0 | |2 OCDE |9 6356 |a MERCADO LABORAL | |
| 650 | 4 | |2 OCDE |9 3397 |a CONDICIONES LABORALES | |
| 650 | 4 | |2 OCDE |9 1844 |a DESEMPLEO | |
| 650 | 0 | |2 OCDE |9 124 |a DATOS ESTADISTICOS | |
| 651 | 0 | |2 OCDE |9 17 |a AMERICA LATINA | |
| 651 | 7 | |2 OCDE |9 8785 |a EL CARIBE | |
| 773 | 0 | |0 40460 |9 8258 |a Instituto Nacional de Estadística y Censos, INEC (Costa Rica) |d Costa Rica: INEC, 2012- |o 18780 |t Encuesta Nacional de Hogares: |x 22153381 | |
| 942 | |2 ddc |c PP | ||
| 999 | |c 44773 |d 44773 | ||
